000
00215nam a2200097Ia 4500
008
190216s9999||||xx |||||||||||||| ||und||
100
_a
Aadharsha Kumari
245
0
_a
Hindi-Surabhi
260
_b
Rama Pub
942
_c
BK
999
_c
15570
_d
15570